Statystyki dla Stolice świata najbliżej Maskatu

Kliknij tutaj aby rozwiązać quiz!

Ogólne statystyki

  • Ten quiz został rozwiązany 35 razy
  • Średni wynik to 15 z 20

Statystyki odpowiedzi

kmstolica% Poprawnych
1191Rijad
97%
1503Teheran
97%
1740Bagdad
90%
418Abu Zabi
87%
1816Islamabad
87%
1747Sana
87%
719Doha
83%
1217Kuwejt
83%
1954Nowe Delhi
77%
1602Kabul
73%
840Manama
73%
2392Amman
70%
2210Taszkent
70%
2098Dżibuti
67%
1595Aszchabad
63%
2030Baku
60%
1927Duszanbe
60%
2374Tbilisi
60%
2257Erywań
57%
2233Asmara
40%

Rozkład punktacji

Percentyl według liczby udzielonych odpowiedzi

Procent ludzi z każdym wynikiem

Twoja historia wyników

Nie rozwiązałeś tego quizu